01868cam a22003258a 45000010009000000050017000090080041000260100017000670200022000840400018001060420008001240430030001320500022001620820026001841000026002102450067002362600044003032630009003473000011003564900047003675040051004145050651004656500064011166500051011806500033012316500014012648300091012788560082013698560091014511420419920170105102847.0051219s2006 enk b 001 0 eng  a 2005036630 a0415358469 (hbk.) aDLCcDLCdDLC apcc ae-uk---ap------aa-ja---00aD810.S7bF63 200600a940.5486 FOR 20062221 aFord, Douglas,d1972-10aBritain's secret war against Japan, 1937-1945 /cDouglas Ford. aLondon ;aNew York :bRoutledge,c2006. a0608 ap. cm.1 aStudies in intelligence series,x1368-9916 aIncludes bibliographical references and index.0 aIntroduction ambiguity and complacency : Britain's assessment of Japan prior to the outbreak of war -- The lessons of defeat and limited victories, December 1941 to January 1943 -- Gauging the balance of an unpredictable war : the evolution of British intelligence on Japanese strategy, January 1943 to August 1945 -- Material and technology vs. methods of use : intelligence on the tactical and technical capabilities of Japan's armed forces -- Racial contempt or logical analysis? : British intelligence on Japanese military morale -- The intelligence war in Asia and the Pacific, 1937-1945-- the British and Japanese experiences in comparison. 0aWorld War, 1939-1945xMilitary intelligencezGreat Britain. 0aWorld War, 1939-1945xCampaignszPacific Area. 0aWorld War, 1939-1945zJapan. 0aStrategy. 0aCass series on intelligence and military affairs.pCIPSStudies in intelligence series.413Table of contents onlyuhttp://www.loc.gov/catdir/toc/ecip066/2005036630.html423Publisher descriptionuhttp://www.loc.gov/catdir/enhancements/fy0654/2005036630-d.html